Chủ nghĩa xã hội khoa học : Đề cương bài giảng dùng trong các trường Đại học và Cao đẳng từ năm học 1991 - 1992

שמור ב:
מידע ביבליוגרפי
פורמט: ספר
שפה:Undetermined
יצא לאור: Hà Nội Chính trị Quốc gia 1996
נושאים:
תגים: הוספת תג
אין תגיות, היה/י הראשונ/ה לתייג את הרשומה!
Thư viện lưu trữ: Trung tâm Học liệu Trường Đại học Cần Thơ
LEADER 00681nam a2200181Ia 4500
001 CTU_18705
008 210402s9999 xx 000 0 und d
082 |a 335.423 
082 |b Ch500 
245 0 |a Chủ nghĩa xã hội khoa học : 
245 0 |b Đề cương bài giảng dùng trong các trường Đại học và Cao đẳng từ năm học 1991 - 1992 
245 0 |c Phạm Văn Thái (biên soạn)... [ et al. ] 
260 |a Hà Nội 
260 |b Chính trị Quốc gia 
260 |c 1996 
650 |a Communism,Political ideologies,Socialism 
904 |i QHieu đã sửa 
980 |a Trung tâm Học liệu Trường Đại học Cần Thơ